000 00543nam a2200169Ia 4500
008 090201s9999 xx 000 0 und d
010 _aKPL-33940
040 _bमराठी
041 _aमराठी
082 _a45772
_b33940
100 _aपंाडुरंग कुंभार
245 _aगावकूस
_cपंाडुरंग कुंभार
260 _c2005
_bअजब पुस्तकालय प्रकाशन
300 _a149
_bमोठा
600 _aगावकूस
942 _cBOOK
999 _c242666
_d242666